[Event "Helsinki  zt (Women)"]
[Site "Helsinki"]
[Date "1999.??.??"]
[Round "8"]
[White "Paasikangas Tella, Johanna"]
[Black "Hansen, Evgenia"]
[Result "1-0"]
[WhiteElo "2279"]
[BlackElo "2185"]
[PlyCount "57"]
[EventDate "1999.??.??"]
[EventType "tourn"]
[EventRounds "9"]
[EventCountry "FIN"]
[SourceTitle "EXT 2000"]
[Source "ChessBase"]
[SourceDate "1999.11.16"]
[SourceVersion "1"]
[SourceVersionDate "1999.11.16"]
[SourceQuality "1"]

1. d4 Nf6 2. Bg5 d6 3. Nd2 Nbd7 4. h3 c6 5. Ngf3 b5 6. e4 Qc7 7. Be2 e5 8. c3 a6 9. a4 Bb7 10. Nh4 h6 11. Be3 Rd8 12. 0-0 d5 13. dxe5 Nxe4 14. e6 Ndf6 15. Bh5 Nxh5 16. Nxe4 dxe4 17. Qxh5 Rd5 18. exf7+ Qxf7 19. Qg4 Be7 20. Ng6 Rg8 21. Qxe4 Bc8 22. axb5 Bf5 23. Qxe7+ Qxe7 24. Nxe7 Kxe7 25. bxa6 Ra8 26. a7 g5 27. Rfd1 Kd6 28. Rxd5+ cxd5 29. Ra6+ 1-0

[Event "DEN-chT 9899"]
[Site "Denmark"]
[Date "1998.11.15"]
[Round "2.7"]
[White "Lowenstein, Nicolai"]
[Black "Hansen, Evgenia"]
[Result "1/2-1/2"]
[WhiteElo "2120"]
[BlackElo "2185"]
[PlyCount "116"]
[EventDate "1998.11.01"]
[EventType "team-tourn"]
[EventRounds "7"]
[EventCountry "DEN"]
[SourceTitle "EXT 2023"]
[Source "ChessBase"]
[SourceDate "2022.10.05"]
[SourceVersion "1"]
[SourceVersionDate "2022.10.05"]
[SourceQuality "1"]
[WhiteTeam "Aarhus"]
[BlackTeam "Nykobing Falster"]
[WhiteTeamCountry "DEN"]
[BlackTeamCountry "DEN"]

1. e4 c5 2. Nc3 Nc6 3. f4 g6 4. Nf3 Bg7 5. Bb5 Nd4 6. Nxd4 cxd4 7. Ne2 Qb6 8. Bd3 d6 9. 0-0 Nh6 10. Kh1 0-0 11. c3 dxc3 12. dxc3 Bd7 13. Ng3 Bb5 14. Bxb5 Qxb5 15. f5 Rac8 16. Bg5 Qd7 17. Qf3 f6 18. Bxh6 Bxh6 19. Rad1 Qa4 20. Qg4 Kf7 21. Qh3 Kg7 22. fxg6 hxg6 23. Qe6 Rc7 24. h4 Qd7 25. Qxd7 Rxd7 26. Rf3 Rh8 27. Kg1 Rc7 28. Kf2 Kf7 29. Ke2 Bg7 30. Rh1 Rc5 31. Nf1 Re5 32. Kd3 d5 33. exd5 Rxd5+ 34. Kc2 Bh6 35. g4 Bg5 36. Rfh3 Bf4 37. Rf3 e5 38. Ne3 Bxe3 39. Rxe3 f5 40. h5 gxh5 41. gxf5 Kf6 42. Reh3 Kxf5 43. Rxh5+ Rxh5 44. Rxh5+ Kf4 45. Rh7 Rb5 46. a4 Rb6 47. a5 Rb5 48. a6 bxa6 49. c4 Rb6 50. Kc3 e4 51. Kd4 Rd6+ 52. Kc5 Rd3 53. Rf7+ Ke3 54. Rxa7 Rb3 55. Rxa6 Rxb2 56. Kd5 Rd2+ 57. Ke5 Rc2 58. Ra3+ Kf2 1/2-1/2